00657 2200253 4500001002100000005001700021008004100038035002400079082001000103090001500113245006400128250001100192260002300203300002800226500002700254500001100281650002400292700002000316700001700336850001400353980001500367985000600382999001500388YOGYA-0209000003532020090227025009.0 ind  0010-020900000035320 a911,2 a911.2bCha aThe Changing map of Asiaceditor, W. Gordon East, OHK Spate aCet. 1 aNew Yorkb..c1950 ax, 414 hlmbilusc22 cm aBibliografi : hlm. 414 aIndeks aIlmu bumi - Politik aEast, W. Gordon aSpate, O.H.K aYPDDIY(B) a20-09-2006 a1 ab000056267